| 000 | 00694nam a2200229Ia 4500 | ||
|---|---|---|---|
| 008 | 160418s9999 xx 000 0 und d | ||
| 020 | _a971-23-3740-5 | ||
| 050 | _aFIL PL 5531 | ||
| 050 | _b.L33 2003 c.2 | ||
| 245 | 4 | _aThe Literatures of the Philippines / | |
| 245 | _cFerdilyn C. Lacia… [et al] | ||
| 260 | _aManila : | ||
| 260 | _bRex Book Store, Inc., | ||
| 260 | _c2003 | ||
| 300 | _a374 pages : | ||
| 300 | _billustrations ; | ||
| 300 | _c22 cm. | ||
| 500 | _aIncludes bibliographical references and index. | ||
| 650 | _aPhilippine fiction (English). | ||
| 650 | _aPhilippine literature -- Collected works. | ||
| 650 | _xPhilippine literature -- History and criticism. | ||
| 999 |
_c293596 _d293596 |
||